000 00821nam a2200277 i 4500
001 C2-0338891
003 PPAK
005 20180728141127.0
008 161201s2016 enka|||| ||||| | eng d
020 _a9781474706179
040 _aPPAK
_beng
_cPPAK
_erda
082 0 4 _a791.43023
_223
090 0 0 _a791.43023
_bOMO
_dRK
100 1 _aOmoth, Tyler,
_eauthor
245 1 0 _aStunning motorcycle stunts
264 1 _aLondon :
_bRaintree ,
_c2016
300 _a32 pages :
_bcolour photographs ;
_c23 cm
336 _2rdacontent
_atext
337 _2rdamedia
_aunmediated
338 _2rdacarrier
_avolume
490 1 _aWild stunts
500 _aIncludes glossary and indexes
650 1 0 _aStunts performer - Juvenile literature. ; Stunts driving - Juvenile literature.
830 0 _aWild stunts
942 _ddc
_cB
999 _c136173
_d136173